000 00373cam a22001097a 4500
008 180718b2003 xxu||||| |||| 00| 0 eng d
100 _aDeichmann, Uwe
245 _aInformation based instruments for improved urban management
_cby Uwe Deichmann...[et.al.]
260 _aWashington, D.C.
_bWorld Bank
_c2003
300 _a32p.
440 _aPolicy research working paper; no. 3002
999 _c289420
_d289420